Honduras: política exterior y clases sociales 1980-1987
Tallennettuna:
| Päätekijä: | |
|---|---|
| Yhteisötekijä: | |
| Aineistotyyppi: | Teksti |
| Julkaistu: |
San José:
CSUCA
|
| Tagit: |
Lisää tagi
Ei tageja, Lisää ensimmäinen tagi!
|
MARC
| LEADER | 00000 a a2200000 04500 | ||
|---|---|---|---|
| 001 | 21161 | ||
| 003 | |||
| 040 | |||
| 090 | |a 091900 | ||
| 100 | |a Castellanos, Julieta | ||
| 110 | |a CSUCA | ||
| 245 | |a Honduras: política exterior y clases sociales 1980-1987 | ||
| 260 | |a San José: |b CSUCA | ||
| 300 | |a 70 p. | ||
| 999 | |c 12052 |d 12052 | ||
